| 000 | 00507nam a22002171a 4500 | ||
|---|---|---|---|
| 001 | 3066 | ||
| 003 | OSt | ||
| 005 | 20260204211836.0 | ||
| 008 | 040614s1995||||mx ||||||b||||||||||spa|| | ||
| 020 | _a9684229995x | ||
| 050 | _a338.5 S39m | ||
| 082 | _a338.5 S39m | ||
| 100 | _aSalvatore, Dominick | ||
| 245 | _aMicroeconomía / Dominick Salvatore | ||
| 250 | _a3 | ||
| 264 | _aMéxico : McGraw-Hill | ||
| 300 | _a436 p. | ||
| 500 | _aIncluye indice | ||
| 650 | _a1.MicroeconomíaÌ | ||
| 942 |
_2ddc _cBK |
||
| 999 |
_c3066 _d3066 |
||